000 00221nam a22000857a 4500
008 160716b xxu||||| |||| 00| 0 eng d
100 _92966
_a Sewell, A
245 _aBlack Beauty
260 _aNew Delhi
_bOrient Publication
_c2004
999 _c2529
_d2529